| Tag |
First Indicator |
Second Indicator |
Subfields |
| LEADER |
00000cam a2200000 4500 |
| 001 |
in00000034923 |
| 005 |
20151007063442.0 |
| 008 |
760326r1943 dcuh 00000 engm |
| 010 |
|
|
|a 43016531
|
| 035 |
|
|
|a (OCoLC)02071047
|
| 035 |
|
|
|9 AAD7439AM
|
| 040 |
|
|
|a DLC
|c FHM
|d TXA
|d UtOrBLW
|
| 049 |
|
|
|a TXAM
|c [404841]
|
| 050 |
0 |
0 |
|a PR2199
|b .O4 1943
|
| 082 |
0 |
|
|a 822.39
|
| 092 |
|
|
|a 822
|b O28
|
| 245 |
0 |
0 |
|a Oenone and Paris /
|c by T. H. Reprinted from the unique copy in the Folger Shakespeare library, with an introduction and notes by Joseph Quincy Adams.
|
| 264 |
|
1 |
|a Washington, D.C. :
|b The Folger Shakespeare library,
|c 1943.
|
| 300 |
|
|
|a xlv, 46 pages :
|b facsimiles ;
|c 20 cm.
|
| 336 |
|
|
|a text
|b txt
|2 rdacontent
|
| 337 |
|
|
|a unmediated
|b n
|2 rdamedia
|
| 338 |
|
|
|a volume
|b nc
|2 rdacarrier
|
| 490 |
1 |
|
|a Folger Shakespeare library publications
|
| 500 |
|
|
|a A close imitation of Shakespeare's Venus and Adonis published in 1594 under the initials of T. H. It has been ascribed, on internal evidence only, to Thomas Heywood. cf. introduction.
|
| 600 |
1 |
0 |
|a Shakespeare, William,
|d 1564-1616.
|t Venus and Adonis.
|
| 700 |
1 |
|
|a Heywood, Thomas,
|d approximately 1574-1641.
|
| 700 |
1 |
|
|a Adams, Joseph Quincy,
|d 1881-1946.
|
| 830 |
|
0 |
|a Folger Shakespeare Library publications.
|
| 999 |
|
|
|a MARS
|
| 999 |
f |
f |
|s f749c106-7969-3fb9-ad98-be9efcd3c8a5
|i 84ab0ae0-98a5-3990-ac93-95b8318003f4
|t 0
|
| 952 |
f |
f |
|p normal
|a Texas A&M University
|b College Station
|c Sterling C. Evans Library
|d Evans: Library Stacks
|t 0
|e PR2199 .O4 1943
|h Library of Congress classification
|i unmediated -- volume
|m A14801299112
|
| 998 |
f |
f |
|a PR2199 .O4 1943
|t 0
|l Evans: Library Stacks
|